LEADER 01067nlm0 22003251i 450 001 990009875440403321 005 20140630120044.0 010 $a9781845930400 035 $a000987544 035 $aFED01000987544 035 $a(Aleph)000987544FED01 035 $a000987544 100 $a20140630d2006----km-y0itay0103----ba 101 0 $aeng 135 $adrnn-008mamaa 200 1 $aVacation decision making$bRisorsa elettronica$fAlain Decrop 210 $aWallingford, U.K. ; Cambridge, Mass.$cCABI Pub.$cOvid [distributor]$d2006 230 $aDocumento elettronico 336 $aTesto 337 $aFormato pdf 676 $a910.68 700 1$aDecrop,$bAlain$0477110 801 3$aIT$bUNINA$gREICAT$2UNIMARC 856 4 $zFull text per gli utenti Federico II$uhttp://ovidsp.ovid.com/ovidweb.cgi?T=JS&PAGE=booktext&NEWS=N&DF=bookdb&AN=01434503/1st_Edition&XPATH=/PG(0) 901 $aEB 912 $a990009875440403321 961 $aTourism$aDecision making 961 $aEnvirionmental Exposure 996 $aVacation decision making$9239163 997 $aUNINA LEADER 02703nam 2200601Ia 450 001 9910830515403321 005 20221206105106.0 010 $a0-470-43856-8 010 $a1-281-73255-9 010 $a9786611732554 010 $a0-470-36871-3 010 $a0-470-36997-3 035 $a(CKB)1000000000537144 035 $a(EBL)353559 035 $a(OCoLC)476175332 035 $a(SSID)ssj0000123014 035 $a(PQKBManifestationID)11141217 035 $a(PQKBTitleCode)TC0000123014 035 $a(PQKBWorkID)10131343 035 $a(PQKB)10661837 035 $a(MiAaPQ)EBC353559 035 $a(MiAaPQ)EBC4025424 035 $a(EXLCZ)991000000000537144 100 $a20080110d2008 uy 0 101 0 $aeng 135 $aur|n|---||||| 181 $ctxt 182 $cc 183 $acr 200 10$aClassical and adaptive clinical trial designs using ExpDesign Studio [trademark symbol]$b[electronic resource] /$fMark Chang 210 $aHoboken, N.J. $cJohn Wiley$dc2008 215 $a1 online resource (280 p.) 300 $aDescription based upon print version of record. 311 $a0-470-27612-6 320 $aIncludes bibliographical references and index. 327 $aExpDesign Studio -- Clinical trial design -- Classical trial design -- Group sequential trial design -- Adaptive trial design -- Adaptive trial monitoring -- Oncology adaptive trial design -- Adaptive trial simulator -- Further assistance from ExpDesign Studio. 330 $aExpDesign Studio facilitates more efficient clinical trial design This book introduces pharmaceutical statisticians, scientists, researchers, and others to ExpDesign Studio software for classical and adaptive designs of clinical trials. It includes the Professional Version 5.0 of ExpDesign Studio software that frees pharmaceutical professionals to focus on drug development and related challenges while the software handles the essential calculations and computations. After a hands-on introduction to the software and an overview of clinical trial designs encompassing numerous variations 606 $aDrugs$xTesting$xComputer simulation 606 $aAdaptive sampling (Statistics) 606 $aClinical trials$xData processing 615 0$aDrugs$xTesting$xComputer simulation. 615 0$aAdaptive sampling (Statistics) 615 0$aClinical trials$xData processing. 676 $a615.50724 676 $a615/.190113 700 $aChang$b Mark$0520702 801 0$bMiAaPQ 801 1$bMiAaPQ 801 2$bMiAaPQ 906 $aBOOK 912 $a9910830515403321 996 $aClassical and adaptive clinical trial designs using ExpDesign Studio$93966023 997 $aUNINA